000 00767cab a2200229 4500
001 WB3435-51
008 090401t xxu||||| |||| 00| 0 eng d
035 _a(Sirsi) u88557
041 _aeng
245 _aSurvey results
260 _c14 September 1998(3)
350 _a0
490 _aRICS Press Release
_v14 September 1998(3)
520 _aThe RICS in Scotland have announced the results of a recent survey of members covering government policies, devolution and tax varying powers on the Scottish property and construction industry.
650 _aABOUT RICS-RICS MEMBERS
650 _aDEVOLUTION
650 _aRICS IN SCOTLAND
650 _aSURVEY
690 _aMANAGEMENT-BUSINESS MANAGEMENT-PROFESSIONAL PRACTICE
942 _n0
948 _c18/09/1998
999 _c55966
_d55966